| 000 | 01017nam a22003017a 4500 | ||
|---|---|---|---|
| 001 | 4839 | ||
| 003 | FISKH | ||
| 005 | 20241017141035.0 | ||
| 008 | 241017b cb ||||| |||| 00| 0 eng d | ||
| 020 | _a9780689823480 | ||
| 040 |
_aFISKH _beng _cFISKH _dFISKH |
||
| 050 | _aPZ7.H83727 | ||
| 082 | _a813.54 | ||
| 100 |
_aHowe, James _d(1946–) |
||
| 245 |
_aPinky and rex / _cby James Howe illustrated by Melissa Sweet |
||
| 250 | _aFirst edition in 1998 | ||
| 260 |
_aNew York : _bAladdin Paperbacks, _c1998. |
||
| 300 |
_a40 pages : _bColor illustrations ; _c23 cm |
||
| 505 | _aJ | ||
| 520 | _aRex and her best friend Pinky, each the proud possessor of twenty-seven stuffed animals or dinosaurs, find their visit to the museum and its gift shop complicated by Pinky's little sister Amanda. | ||
| 521 | 8 |
_a490L
_bLexile |
|
| 521 | 8 |
_aJ
_bRaz-Plus |
|
| 650 |
_2Fiction _aFriendship |
||
| 650 |
_2Museums _aDinosaurs |
||
| 700 |
_aSweet, Melissa _dIllustrator |
||
| 942 |
_2ddc _cBK _n0 |
||
| 999 |
_c4839 _d4839 |
||